| 000 | 00895nam a22002775a 4500 | ||
|---|---|---|---|
| 005 | 20180311124923.0 | ||
| 008 | 180311t2018 enka frb 001 0 eng d | ||
| 020 | _a1292211687 | ||
| 020 | _a9781292211688 | ||
| 040 |
_aEG-ScBUE _beng _cEG-ScBUE |
||
| 082 | 0 | 4 |
_a658.872 _bLAU _222 |
| 100 | 1 | _aLaudon, Kenneth C. | |
| 245 | 1 | 0 |
_aE-Commerce : _bbusiness, technology and society / _cKenneth C. Laudon, Carol Guercio Traver. |
| 250 | _a13th ed., Global ed. | ||
| 260 |
_aHarlow : _bPearson Education Limited, _cc.2018. |
||
| 300 |
_a908 p. : _bill. ; _c28 cm. |
||
| 504 | _aIncludes bibliographical references and index. | ||
| 650 | 7 |
_aElectronic commerce. _2BUEsh |
|
| 650 | 7 |
_aInformation technology. _2BUEsh |
|
| 650 | 7 |
_aInternet marketing. _2BUEsh |
|
| 651 | _2BUEsh | ||
| 653 |
_bCOMSCI _cMarch2018 |
||
| 655 |
_vText book _933728 |
||
| 700 | 1 | _aTraver, Carol Guercio. | |
| 942 | _2ddc | ||
| 999 |
_c26269 _d26241 |
||